Normal view MARC view

Entry Personal Name

Number of records used in: 1

001 - CONTROL NUMBER

  • control field: 34750

003 - CONTROL NUMBER IDENTIFIER

  • control field: OSt

005 - DATE AND TIME OF LATEST TRANSACTION

  • control field: 20221226153811.0

008 - FIXED-LENGTH DATA ELEMENTS

  • fixed length control field: 221226|| aca||aabn | a|a d

040 ## - CATALOGING SOURCE

  • Original cataloging agency: OSt
  • Transcribing agency: OSt

100 ## - HEADING--PERSONAL NAME

  • Personal name: Liu, Z. Wang, J. and Thomas, C.W.

670 ## - SOURCE DATA FOUND

  • Source citation: Work cat.: (OSt)520696: Liu, Z. Wang, J. and Thomas, C.W. , What motivates local sustainability policy action in china? The case of low-carbon city pilot program

Powered by Koha